| 000 | 00392nam a22001577a 4500 | ||
|---|---|---|---|
| 003 | OSt | ||
| 005 | 20240320122433.0 | ||
| 008 | 220624b xxu||||| |||| 00| 0 eng d | ||
| 020 | _a978-0132538992 | ||
| 040 | _cIIMT UNIVERSITY | ||
| 100 | _aWILLIAMSON, D | ||
| 245 | _aCOST AND MANAGEMENT ACCOUNTING STUDENT WORK BOOK | ||
| 260 |
_aNEW DILHI _bPHI _c1998 |
||
| 300 | _a179 | ||
| 942 |
_2ddc _c02 |
||
| 999 |
_c52584 _d52584 |
||